Tilastot visalle Helsingin Lähijunien Asemat - E-Juna

Klikkaa tästä pelataksesi tätä visaa!

Yleistilastot

  • Tätä visaa on pelattu 73 kertaa
  • Keskiarvotulos 8 / 10

Vastaustilastot

Asema% Oikein
Pasila
95%
Helsinki
92%
Espoo
85%
Leppävaara
85%
Kilo
81%
Kauniainen
78%
Kera
75%
Huopalahti
73%
Tuomarila
59%
Koivuhovi
54%

Tulosjakauma

Persentiili vastausten määrän mukaan

Jokaisen tuloksen saaneiden osuus

Tuloshistoriasi

Et ole pelannut tätä visaa